000
00264nam a2200097Ia 4500
008
190216s9999||||xx |||||||||||||| ||und||
100
_a
Birjadish Prasad
245
0
_a
Back Ground To The Study Of English Literature
260
_b
Mac Millian And Com. Ltd
942
_c
BK
999
_c
11998
_d
11998